La percepción de lo político en Costa Rica /

Salvato in:
Dettagli Bibliografici
Autore principale: Jiménez M, Alexander
Altri autori: Oyamburu, Jesús, González, Miguel Angel
Natura: Sconosciuto
Pubblicazione: Heredia: Editorial Fundación UNA
Soggetti:
Tags: Aggiungi Tag
Nessun Tag, puoi essere il primo ad aggiungerne!!

MARC

LEADER 00000 a2200000 04500
001 10873
003
008 991231s d
040
090 |a 137519  
100 |a Jiménez M, Alexander  
245 |a La percepción de lo político en Costa Rica /  |c Alexander Jiménez M. 
260 |a Heredia:   |b Editorial Fundación UNA  
300 |a 282 p.  
650 |a CRISIS POLITICA  
650 |a DEMOCRACIA  
650 |a MARCO INSTITUCIONAL  
650 |a SOCIEDAD CIVIL  
650 |a VIOLENCIA  
650 |a CORRUPCION  
650 |a PROBLEMAS SOCIALES  
700 |a   
700 |a Oyamburu, Jesús  
700 |a   
700 |a González, Miguel Angel  
700 |a   
999 |c 7957  |d 7957